[Event "Livingstone FIDE zt 4.3"]
[Site "Livingstone"]
[Date "2017.06.14"]
[Round "6"]
[White "Do Santos Julio, Joao Manuel"]
[Black "Keagan, Lwandamina"]
[Result "0-1"]
[WhiteElo "2157"]
[BlackElo "1986"]
[PlyCount "118"]
[EventDate "2017.06.10"]
[EventType "swiss"]
[EventRounds "9"]
[EventCountry "ZAM"]
[SourceTitle "EXT 2020"]
[Source "ChessBase"]
[SourceDate "2019.10.17"]
[SourceVersion "1"]
[SourceVersionDate "2019.10.17"]
[SourceQuality "1"]

1. e4 c6 2. d4 d5 3. Nd2 dxe4 4. Nxe4 Nd7 5. Bd3 Ngf6 6. Qe2 Nxe4 7. Qxe4 Nf6 8. Qh4 e6 9. Nf3 Be7 10. Qg3 g6 11. 0-0 Nh5 12. Qe5 Bf6 13. Qe3 Bg7 14. Ne5 0-0 15. c3 Qc7 16. Re1 b6 17. Nxc6 Bb7 18. Ne5 Rad8 19. Bc2 b5 20. a3 Bd5 21. Bd1 Nf6 22. Qh3 Qb6 23. Bg5 Rc8 24. Bf3 a5 25. Qh4 Bxf3 26. Nxf3 Nh5 27. Rac1 Bh8 28. Nd2 f6 29. Bh6 Bg7 30. Be3 f5 31. Bg5 Rce8 32. Nb3 a4 33. Nc5 Qc6 34. Nd3 h6 35. Bd2 Qc7 36. Ne5 Kh7 37. g4 fxg4 38. Nxg6 Rf5 39. Ne5 Bf6 40. Bg5 Rxg5 41. Kh1 Rxe5 42. Qxg4 Qc6+ 43. f3 Rg5 44. Qh3 Nf4 45. Qf1 Reg8 46. Re4 Rg1+ 47. Qxg1 Rxg1+ 48. Rxg1 Nh3 49. Rf1 Ng5 50. Re3 Qc4 51. Kg2 Qd5 52. h4 Nf7 53. Rfe1 Bxh4 54. R1e2 Qg5+ 55. Kf1 Qg3 56. Rxe6 Qxf3+ 57. Kg1 Ng5 58. Re7+ Kg6 59. Rg2 Bg3 0-1

[Event "Livingstone FIDE zt 4.3"]
[Site "Livingstone"]
[Date "2017.06.11"]
[Round "2"]
[White "Nyimbili, Dalington"]
[Black "Keagan, Lwandamina"]
[Result "1-0"]
[WhiteElo "2025"]
[BlackElo "1986"]
[PlyCount "161"]
[EventDate "2017.06.10"]
[EventType "swiss"]
[EventRounds "9"]
[EventCountry "ZAM"]
[SourceTitle "EXT 2020"]
[Source "ChessBase"]
[SourceDate "2019.10.17"]
[SourceVersion "1"]
[SourceVersionDate "2019.10.17"]
[SourceQuality "1"]

1. e4 c6 2. c4 d5 3. cxd5 cxd5 4. exd5 Nf6 5. Nc3 g6 6. Bc4 Bg7 7. Nf3 0-0 8. h3 Nbd7 9. d4 Nb6 10. Bb3 Nbxd5 11. Qe2 b6 12. 0-0 Bb7 13. Re1 e6 14. Bg5 h6 15. Bd2 a6 16. Ne5 Re8 17. a3 Ra7 18. Rac1 Nh5 19. Nxd5 Bxd5 20. Bc2 Nf6 21. Qd3 Nd7 22. Nxf7 Qf6 23. Nxh6+ Bxh6 24. Bxh6 Kh7 25. Qe3 Nf8 26. Bg5 Qg7 27. Bf4 Rf7 28. h4 Kg8 29. Be5 Qh7 30. Qg3 Qh5 31. Bd6 Rg7 32. Re5 Qh6 33. Rg5 Rc8 34. Bf4 Qh7 35. h5 Rxc2 36. Rxc2 gxh5 37. Rxg7+ Qxg7 38. Qxg7+ Kxg7 39. Rc7+ Kg6 40. Be5 Nh7 41. Ra7 a5 42. Bc7 Bb3 43. Bxb6 a4 44. f3 Ng5 45. Kf2 Nf7 46. Bc7 Nh6 47. Be5 Nf7 48. Kg3 Bd1 49. Bf4 Bb3 50. Kh4 Nd8 51. Ra8 Nc6 52. Be3 Ne7 53. g4 hxg4 54. fxg4 Nd5 55. Bd2 Nf6 56. g5 Ne4 57. Bc1 Nd6 58. Rd8 Nf5+ 59. Kg4 Bd5 60. Bd2 Nxd4 61. Bc3 Nf5 62. Rf8 Ne3+ 63. Kf4 Ng2+ 64. Kg4 Ne3+ 65. Kg3 Nf5+ 66. Kf4 Bb3 67. Bf6 Bc4 68. Ke5 Kh5 69. Re8 Kg6 70. Rxe6 Bxe6 71. Kxe6 Ne3 72. Kd6 Nc4+ 73. Kc5 Nxb2 74. Bxb2 Kxg5 75. Kb4 Kf5 76. Kxa4 Ke6 77. Kb5 Kd7 78. Kb6 Kc8 79. Ka7 Kc7 80. a4 Kc6 81. a5 1-0

[Event "Livingstone FIDE zt 4.3"]
[Site "Livingstone"]
[Date "2017.06.10"]
[Round "1"]
[White "Keagan, Lwandamina"]
[Black "Gaealafshwe, Barileng"]
[Result "1/2-1/2"]
[WhiteElo "1986"]
[BlackElo "2169"]
[PlyCount "60"]
[EventDate "2017.06.10"]
[EventType "swiss"]
[EventRounds "9"]
[EventCountry "ZAM"]
[SourceTitle "EXT 2020"]
[Source "ChessBase"]
[SourceDate "2019.10.17"]
[SourceVersion "1"]
[SourceVersionDate "2019.10.17"]
[SourceQuality "1"]

1. Nf3 d5 2. g3 Nf6 3. b3 c6 4. Bg2 Bf5 5. Bb2 e6 6. 0-0 Nbd7 7. d3 Be7 8. Nbd2 0-0 9. Qe1 Bg4 10. h3 Bxf3 11. Nxf3 Rc8 12. e4 Nb6 13. a4 c5 14. e5 Ne8 15. a5 Nd7 16. c4 Nc7 17. Nd2 f5 18. f4 Nb8 19. Qe2 Nc6 20. Nf3 Na6 21. Bc3 Nab4 22. Bxb4 Nxb4 23. Rfd1 d4 24. Ne1 Rb8 25. Nc2 Nxc2 26. Qxc2 a6 27. Bf3 b6 28. axb6 Qxb6 29. Ra3 Bd8 30. Rda1 a5 1/2-1/2